000 00517nam a2200181Ia 4500
005 20250326123815.0
008 250326s9999 xx 000 0 und d
037 _aTextbook
040 _aFMSL
_beng
_cFMSL
041 _aeng
_2eng
084 _aS:7 K41
_qFMSL
100 _aKogan N
245 0 _aRisk taking: study in cognition and personality
_cKogan N; Wallach M A
260 _aNY Holt
_bNY Holt, Rinehart and Winston
_c1964
300 _a278p
942 _cTB
_hS:7 K41
999 _c1271042
_d1271042